Logo BPK

Biblioteka

Politechniki Koszalińskiej

Entwurf und Konstruktion dünner Betonschalen / (Rekord nr 12573)

Szczegóły MARC
000 -ETYKIETA REKORDU
podpole kontrolne o stałej długości 00392nam a2200157 i 4500
001 - NUMER KONTROLNY REKORDU
pole kontrolne bg
040 ## - ŹRÓDŁO KATALOGOWANIA
Instytucja, która utworzyła rekord BPK
041 ## - KOD JĘZYKA
Kod języka tekstu pol
080 ## - UNIWERSALNA KLASYFIKACJA DZIESIĘTNA - UKD
UKD 666.97/.98
008 - POLE O STAŁEJ DŁUGOŚCI - DANE KONTROLNE
podpole kontrolne o stałej długości s pl f |000 0 pol
100 1# - NAZWA OSOBOWA
Nazwa osobowa HAAS, Aren Marten
245 #0 - TYTUŁ/ODPOWIEDZIALNOŚĆ
Tytuł Entwurf und Konstruktion dünner Betonschalen /
Pozostałe elementy strefy tytułu i oznaczenia odpowiedzialności A. Haas.
260 ## - STREFA ADRESU WYDAWNICZEGO
Miejsce wydania Düsseldorf :
Nazwa wydawcy/dystrybutora Werner Verl.,
Data publikacji, dystrybucji/powstania dokumentu 1969.
300 ## - STREFA OPISU FIZYCZNEGO
Objętość 369 s.
856 ## - LOKALIZACJA I DOSTĘP DO ELEKTRONICZNYCH DOKUMENTÓW ZDALNYCH
Link (URL) http://koha.tu.koszalin.pl/cgi-bin/koha/opac-detail.pl?biblionumber=12573
Tekst linku Katalog online BPK
942 ## - DODATKOWE ELEMENTY (KOHA)
Typ dokumentu Książka
Egzemplarze
Wycofany Status egzemplarza Uszkodzony Dostępność Lokalizacja stała Lokalizacja bieżąca Miejsce przechowywania Sygnatura Kod kreskowy Typ dokumentu
      Dostępny Biblioteka Politechniki Koszalińskiej Biblioteka Politechniki Koszalińskiej Wypożyczalnia BG 7212 01786262 Książka
      Dostępny Biblioteka Politechniki Koszalińskiej Biblioteka Politechniki Koszalińskiej Wypożyczalnia BG 7213 02012094 Książka
© 2023 Biblioteka Politechniki Koszalińskiej :: KOHA